Here it comes (Record no. 53906)

MARC details
000 -LEADER
fixed length control field 00814cab a2200253 4500
001 - CONTROL NUMBER
control field ABS58579
008 - FIXED-LENGTH DATA ELEMENTS--GENERAL INFORMATION
fixed length control field 090401t1998 xxu||||| |||| 00| 0 eng d
035 ## - SYSTEM CONTROL NUMBER
System control number (Sirsi) u85697
041 ## - LANGUAGE CODE
Language code of text/sound track or separate title eng
100 ## - MAIN ENTRY--PERSONAL NAME
Personal name Morris, H.
245 ## - TITLE STATEMENT
Title Here it comes
260 ## - PUBLICATION, DISTRIBUTION, ETC.
Date of publication, distribution, etc. 1998
350 ## - PRICE (NR) (BK AM CF MU VM SE) [OBSOLETE]
Price 0
490 ## - SERIES STATEMENT
Series statement Inside Housing
Volume/sequential designation 15(14) 9 April 1998, 16(1)
520 ## - SUMMARY, ETC.
Summary, etc. Examines the key concepts behind `best value` and the implications for housing associations. The Housing Corporation is in the process of developing an approach to `best value` which complements its own performance standards.
650 ## - SUBJECT ADDED ENTRY--TOPICAL TERM
Topical term or geographic name entry element BENCHMARKING
650 ## - SUBJECT ADDED ENTRY--TOPICAL TERM
Topical term or geographic name entry element BEST VALUE
650 ## - SUBJECT ADDED ENTRY--TOPICAL TERM
Topical term or geographic name entry element HOUSING ASSOCIATIONS
650 ## - SUBJECT ADDED ENTRY--TOPICAL TERM
Topical term or geographic name entry element HOUSING CORPORATION
650 ## - SUBJECT ADDED ENTRY--TOPICAL TERM
Topical term or geographic name entry element PERFORMANCE STANDARDS
690 ## - LOCAL SUBJECT ADDED ENTRY--TOPICAL TERM (OCLC, RLIN)
Topical term or geographic name as entry element HOUSING
942 ## - ADDED ENTRY ELEMENTS (KOHA)
Suppress in OPAC 0
948 ## - LOCAL PROCESSING INFORMATION (OCLC); SERIES PART DESIGNATOR (RLIN)
c (OCLC) 21/04/1998
Holdings
Withdrawn status Lost status Source of classification or shelving scheme Damaged status Not for loan Home library Current library Shelving location Date acquired Total Checkouts Full call number Barcode Date last seen Copy number Price effective from Koha item type
    Dewey Decimal Classification     London London Journal article 14/09/1999   ABS58579 85697-1001 06/08/2019 1 06/08/2019 Journal article